ESSENTIALS APPLIED SOCIOLOGY FOR B.SC NURSING STUDENTS (Record no. 27241)

MARC details
000 -LEADER
fixed length control field 00367nam a22001577a 4500
003 - CONTROL NUMBER IDENTIFIER
control field SGT
020 ## - INTERNATIONAL STANDARD BOOK NUMBER
International Standard Book Number 9789394525047
082 ## - DEWEY DECIMAL CLASSIFICATION NUMBER
Classification number 301
Item number E23V
100 ## - MAIN ENTRY--PERSONAL NAME
Personal name VERMA, MAMTA
245 ## - TITLE STATEMENT
Title ESSENTIALS APPLIED SOCIOLOGY FOR B.SC NURSING STUDENTS
250 ## - EDITION STATEMENT
Edition statement 1ST
260 ## - PUBLICATION, DISTRIBUTION, ETC. (IMPRINT)
Place of publication, distribution, etc INDIA
Name of publisher, distributor, etc CBS PUB
Year of Publication 2023
300 ## - PAGE DESCRIPTION
No. of Pages 356
650 ## - SUBJECT ADDED ENTRY--TOPICAL TERM
Topical term or geographic name as entry element SOCIOLOGY NURSING
942 ## - ADDED ENTRY ELEMENTS (KOHA)
Source of classification or shelving scheme Dewey Decimal Classification
Koha item type Books
942 ## - ADDED ENTRY ELEMENTS (KOHA)
-- 2
Holdings
Withdrawn status Lost status Source of classification or shelving scheme Damaged status Not for loan Collection code Home library Current library Shelving location Date acquired Vendor Name Cost, normal purchase price SGTU Bill Number Full call number Accession No. (Barcode) Date last seen Bill Date Koha item type Total Checkouts Date last borrowed
    Dewey Decimal Classification   Not For Loan NURSING SGT Medical Library SGT Medical Library Reference Book 29/08/2024 ABC DELHI 495.00 SGTU 19450 301 E23V FN5401 13/11/2024 29/08/2024 Books    
    Dewey Decimal Classification     NURSING SGT Medical Library SGT Medical Library Text Book 29/08/2024 ABC DELHI 495.00 SGTU 19450 301 E23V FN5402 06/04/2026 29/08/2024 Books 8 01/04/2026
    Dewey Decimal Classification   Not For Loan NURSING SGT Medical Library SGT Medical Library Reference Book 12/05/2026 COMP   SGTU   301 E23V FN6044 12/05/2026 12/05/2026 Books